00222 a2200121 4500001000700000020000600007040001100013100001600024240002400040245001900064300000800083362000900091183111 a  cMagnum aJong, Erica10aSalve sua vidalpor10aSalve sua vida a2940 a1977